000 00608nam a2200217Ia 4500
003 OSt
005 20230606111955.0
008 210423s2017 xx 000 0 und d
020 _a97881-83765206
040 _cAL
041 _aeng
082 _a361.3 SINP
100 _aSINGH (Ram Shankar)
_9120127
245 _aProfessional social work: best practices and innovations
260 _aJaipur
_bABD Publishers
_c2017
300 _aviii,328
_bHB
365 _b1995
_cINR
650 _aSocial Work
_9120128
906 _abest ; innovations ; practices ; Professional ; social ; work:
942 _2ddc
_cBK
999 _c176710
_d176710